Provincias de España - Estadísticas

Estadísticas generales
  • Esta prueba ha sido intentada 12.752 veces
  • La puntuación promedio es 35 de 50
Estadísticas de respuestas
Respuesta % Correcto
Barcelona
90%
Valencia
86%
Madrid
85%
Sevilla
85%
Coruña, A
79%
Huelva
78%
Lugo
78%
Asturias
77%
Girona
77%
Alicante
76%
Cádiz
76%
Lleida
76%
Murcia
76%
Tarragona
76%
León
75%
Málaga
75%
Pontevedra
75%
Zaragoza
75%
Almería
74%
Castellón
74%
Ourense
74%
Badajoz
73%
Cáceres
73%
Granada
73%
Jaén
73%
Toledo
73%
Huesca
72%
Cantabria
71%
Córdoba
71%
Teruel
69%
Álava
67%
Ciudad Real
67%
Ávila
66%
Salamanca
66%
Albacete
65%
Palencia
65%
Zamora
65%
Burgos
64%
Navarra
64%
Rioja, La
64%
Cuenca
63%
Soria
63%
Valladolid
62%
Segovia
61%
Vizcaya
59%
Guadalajara
58%
Tenerife, Santa Cruz de
56%
Illes Balears
55%
Guipúzcoa
53%
Palmas, Las
53%
No se encontraron pruebas coincidentes
Distribución de puntuación
Porcentaje de gente con cada puntuación
Porcentaje por número respondido
Historial de tus puntuaciones
No has intentado esta prueba.